000 00769nam a2200253Ia 4500
003 GCL
008 140319s9999 xx 000 0 ara d
040 _aGCL /
_cGCL
082 0 4 _a909.8
_bن ت
100 1 _aنورالدين حاطوم
245 1 0 _aتاريخ عصرنا /
_cنورالدين حاطوم
260 _a[S.N] :
_bدار الفكر ،
_c1971
300 _a619 ص
490 _aالموسوعة التاريخية الحديثة
_v0
650 0 4 _aالعصر الحديث
650 0 4 _aالعالم العربى
650 0 4 _aتاريخ
650 0 4 _aالاحوال السياسية
650 0 4 _aالتاريخ الحديث
650 0 4 _aامريكا الجنوبية
650 0 4 _aالعالم
650 0 4 _aاوربا
942 _2ddc
_cBK
999 _c37463
_d37463